<?xml version="1.0" encoding="UTF-8"?>
<record
    xmlns:xsi="http://www.w3.org/2001/XMLSchema-instance"
    xsi:schemaLocation="http://www.loc.gov/MARC21/slim http://www.loc.gov/standards/marcxml/schema/MARC21slim.xsd"
    xmlns="http://www.loc.gov/MARC21/slim">

  <leader>02846nam a2200325   4500</leader>
  <controlfield tag="001">14</controlfield>
  <controlfield tag="003">OSt</controlfield>
  <controlfield tag="005">20250528074009.0</controlfield>
  <controlfield tag="008">250120b        |||||||j |||| 00| 1 eng d</controlfield>
  <datafield tag="020" ind1=" " ind2=" ">
    <subfield code="a">9788581636696</subfield>
  </datafield>
  <datafield tag="040" ind1=" " ind2=" ">
    <subfield code="b">por</subfield>
  </datafield>
  <datafield tag="041" ind1=" " ind2=" ">
    <subfield code="h">eng</subfield>
    <subfield code="a">por</subfield>
  </datafield>
  <datafield tag="082" ind1=" " ind2=" ">
    <subfield code="a">ir820</subfield>
    <subfield code="b">A285s</subfield>
  </datafield>
  <datafield tag="100" ind1="1" ind2=" ">
    <subfield code="a">Ahern, Cecelia,</subfield>
    <subfield code="d">1981-</subfield>
    <subfield code="9">24</subfield>
  </datafield>
  <datafield tag="240" ind1=" " ind2=" ">
    <subfield code="a">Where rainbows end</subfield>
  </datafield>
  <datafield tag="245" ind1=" " ind2=" ">
    <subfield code="a">Simplesmente acontece /</subfield>
    <subfield code="c">Ahern, Cecelia ; Tradu&#xE7;&#xE3;o de Amanda Moura da Silva Santos e Ivar Panazzolo Junior</subfield>
  </datafield>
  <datafield tag="260" ind1=" " ind2=" ">
    <subfield code="a">S&#xE3;o Paulo</subfield>
    <subfield code="b">Novo Conceito</subfield>
    <subfield code="c">2014</subfield>
  </datafield>
  <datafield tag="300" ind1=" " ind2=" ">
    <subfield code="a">448 p.</subfield>
  </datafield>
  <datafield tag="520" ind1=" " ind2=" ">
    <subfield code="a">Da mesma autora dos best-sellers P.S. Eu Te Amo, O Presente, A Vez da Minha Vida e O Livro do Amanh&#xE3;.
#O livro que deu origem ao filme com Lily Collins e Sam Clafin com estreia no Brasil programada para janeiro de 2015.
# Considerado pelos leitores e cr&#xED;tica um dos melhores livros da autora.
Voc&#xEA; acha que &#xE9; poss&#xED;vel existir amizade verdadeira entre um homem e uma mulher?
O que acontece quando duas pessoas que foram feitas uma para a outra simplesmente n&#xE3;o conseguem ficar juntas?
Desde crian&#xE7;as, Rosie e Alex viviam juntos. Todo mundo achava que eles tinham nascido para ser um casal. Todo mundo menos eles mesmos. Grandes amigos desde crian&#xE7;a, eles se separaram na adolesc&#xEA;ncia, quando Alex se mudou com sua fam&#xED;lia de Dublin para os Estados Unidos.
Os dois n&#xE3;o conseguiram mais se encontrar, mas, atrav&#xE9;s dos anos, a amizade foi mantida atrav&#xE9;s de e-mails, mensagens de textos, cartas, cart&#xF5;es-postais... Ele se tornou um cirurgi&#xE3;o renomado... Ela continua correndo atr&#xE1;s do sonho de trabalhar em um hotel luxuoso. Os desencontros, as circunst&#xE2;ncias e uma absurda falta de sorte os mantiveram longe um do outro &#x2013; at&#xE9; agora.
Mesmo sofrendo com a dist&#xE2;ncia, os dois aprenderam a viver um sem o outro. S&#xF3; que o destino gosta de se divertir, e j&#xE1; mostrou que a hist&#xF3;ria deles n&#xE3;o termina assim, de maneira t&#xE3;o simples.
Resta saber se eles v&#xE3;o ter coragem de apostar tudo, inclusive a pr&#xF3;pria amizade que os une, num amor para a vida inteira. Que tipo de surpresa o destino reserva para eles desta vez?
Cecelia Ahern nos presenteia com outra de suas hist&#xF3;rias de amor mais do que poss&#xED;veis, mas n&#xE3;o por isso menos m&#xE1;gicas... Os personagens de Simplesmente Acontece s&#xE3;o cativantes e supercomuns &#x2013; e &#xE9; justamente por isso que torcemos tanto para que sejam felizes. As li&#xE7;&#xF5;es deste livro? A vida passa r&#xE1;pido, e alguns erros, mesmo que pare&#xE7;am bobos, podem carregar voc&#xEA; para longe da felicidade.</subfield>
  </datafield>
  <datafield tag="650" ind1=" " ind2="0">
    <subfield code="a">Literatura Irlandesa</subfield>
    <subfield code="9">87</subfield>
  </datafield>
  <datafield tag="650" ind1=" " ind2="0">
    <subfield code="a">Drama</subfield>
    <subfield code="9">18</subfield>
  </datafield>
  <datafield tag="650" ind1=" " ind2="0">
    <subfield code="a">Amor e Paix&#xE3;o</subfield>
    <subfield code="9">25</subfield>
  </datafield>
  <datafield tag="650" ind1=" " ind2="0">
    <subfield code="a">Filme</subfield>
    <subfield code="9">26</subfield>
  </datafield>
  <datafield tag="650" ind1=" " ind2="0">
    <subfield code="a">Grandes Amizades</subfield>
    <subfield code="9">28</subfield>
  </datafield>
  <datafield tag="655" ind1=" " ind2="0">
    <subfield code="a">Romance</subfield>
    <subfield code="9">23</subfield>
  </datafield>
  <datafield tag="655" ind1=" " ind2="0">
    <subfield code="a">Fic&#xE7;&#xE3;o </subfield>
    <subfield code="9">22</subfield>
  </datafield>
  <datafield tag="700" ind1=" " ind2=" ">
    <subfield code="e">Tradutor </subfield>
    <subfield code="a">Amanda Moura da Silva Santos</subfield>
  </datafield>
  <datafield tag="700" ind1=" " ind2=" ">
    <subfield code="e">Tradutor</subfield>
    <subfield code="a">Ivar Panazzolo Junior</subfield>
  </datafield>
  <datafield tag="942" ind1=" " ind2=" ">
    <subfield code="2">ddc</subfield>
    <subfield code="n">0</subfield>
    <subfield code="c">BK</subfield>
  </datafield>
  <datafield tag="952" ind1=" " ind2=" ">
    <subfield code="0">0</subfield>
    <subfield code="1">0</subfield>
    <subfield code="2">ddc</subfield>
    <subfield code="4">0</subfield>
    <subfield code="7">0</subfield>
    <subfield code="8">FIC</subfield>
    <subfield code="a">BIBIB</subfield>
    <subfield code="b">BIBIB</subfield>
    <subfield code="c">LE</subfield>
    <subfield code="d">2018-02-05</subfield>
    <subfield code="e">doa&#xE7;&#xE3;o</subfield>
    <subfield code="l">0</subfield>
    <subfield code="o">ir820 / A285s</subfield>
    <subfield code="p">2025-15858</subfield>
    <subfield code="r">2025-01-20 08:34:18</subfield>
    <subfield code="w">2025-01-20</subfield>
    <subfield code="y">BK</subfield>
  </datafield>
  <datafield tag="999" ind1=" " ind2=" ">
    <subfield code="c">14</subfield>
    <subfield code="d">14</subfield>
  </datafield>
</record>
